[Event "DOM-ch (Women)"]
[Site "Santo Domingo"]
[Date "2019.03.03"]
[Round "4"]
[White "Santos Almonte, Carol"]
[Black "Adames Rojas, Ariella"]
[Result "1-0"]
[WhiteElo "1779"]
[BlackElo "1695"]
[PlyCount "119"]
[EventDate "2019.03.01"]
[EventType "swiss"]
[EventRounds "8"]
[EventCountry "DOM"]
[SourceTitle "CBM 189 Extra"]
[Source "ChessBase"]
[SourceDate "2019.06.03"]
[SourceVersion "1"]
[SourceVersionDate "2019.06.03"]
[SourceQuality "1"]

1. d4 Nf6 2. c4 e6 3. Nc3 Bb4 4. Qc2 d5 5. e3 0-0 6. a3 Bxc3+ 7. bxc3 b6 8. cxd5 exd5 9. Bd3 Re8 10. Ne2 Bb7 11. 0-0 h6 12. f3 Ba6 13. Re1 Bxd3 14. Qxd3 Nbd7 15. Ng3 c5 16. Ra2 cxd4 17. cxd4 Nb8 18. Rae2 Nc6 19. Bb2 Ne7 20. e4 Qd7 21. e5 Nh7 22. f4 Ng6 23. Rf1 Ngf8 24. Nf5 Ng6 25. Nd6 Ne7 26. f5 Nc8 27. Nxe8 Qxe8 28. f6 Ng5 29. Bc1 Ne4 30. Rxe4 dxe4 31. Qxe4 Rb8 32. fxg7 Ne7 33. Bxh6 Qa4 34. Qh4 Ng6 35. Qf2 Qe8 36. Qf6 Kh7 37. Be3 Qe7 38. Qxf7 Qxf7 39. Rxf7 Rg8 40. Rxa7 Rxg7 41. Rxg7+ Kxg7 42. d5 b5 43. d6 Kf7 44. Bd4 Ke6 45. g3 Nh8 46. Kf2 Nf7 47. h4 Nh6 48. Kf3 Kd7 49. Kf4 Ke6 50. g4 Nf7 51. h5 Kd5 52. Bc3 Ke6 53. g5 Nd8 54. h6 Nf7 55. h7 Nh8 56. d7 Ng6+ 57. Kg4 Kxd7 58. e6+ Kxe6 59. h8Q Nxh8 60. Bxh8 1-0

[Event "DOM-ch (Women)"]
[Site "Santo Domingo"]
[Date "2019.03.02"]
[Round "3"]
[White "Adames Rojas, Ariella"]
[Black "Pachano Hernandez, Altagracia Maria"]
[Result "1-0"]
[WhiteElo "1695"]
[BlackElo "1638"]
[PlyCount "93"]
[EventDate "2019.03.01"]
[EventType "swiss"]
[EventRounds "8"]
[EventCountry "DOM"]
[SourceTitle "CBM 189 Extra"]
[Source "ChessBase"]
[SourceDate "2019.06.03"]
[SourceVersion "1"]
[SourceVersionDate "2019.06.03"]
[SourceQuality "1"]

1. d4 d5 2. c4 e6 3. Nc3 c6 4. cxd5 exd5 5. Bf4 Nd7 6. e3 Ngf6 7. Nf3 Ne4 8. Nxe4 dxe4 9. Nd2 f5 10. Be2 Be7 11. 0-0 0-0 12. Bc4+ Kh8 13. h3 Bg5 14. Qh5 Bxf4 15. exf4 Rf6 16. Qe2 Rg6 17. f3 Nf6 18. Nb3 Nh5 19. Qe3 Qh4 20. fxe4 Bd7 21. e5 Rg3 22. Qf2 b5 23. Bf7 Be8 24. Bxe8 Rxe8 25. Rac1 Qxh3 26. Rc3 Qg4 27. Rxg3 Nxg3 28. Re1 Qh4 29. Qf3 Qh1+ 30. Kf2 Ne4+ 31. Ke2 Qh4 32. Rc1 Rc8 33. Kd3 Qd8 34. Nc5 Nxc5+ 35. Rxc5 Qd7 36. d5 h6 37. d6 g5 38. fxg5 hxg5 39. Kc2 g4 40. Qd3 Rd8 41. Qc3 Rc8 42. e6+ Qg7 43. Qxg7+ Kxg7 44. d7 Rh8 45. e7 Kf7 46. d8Q Rxd8 47. exd8Q 1-0

[Event "DOM-ch (Women)"]
[Site "Santo Domingo"]
[Date "2018.03.10"]
[Round "3"]
[White "Adames Rojas, Ariella"]
[Black "Almanzar Vasquez, Jennifer Maria"]
[Result "1/2-1/2"]
[WhiteElo "1727"]
[BlackElo "1766"]
[PlyCount "25"]
[EventDate "2018.03.09"]
[EventType "swiss"]
[EventRounds "8"]
[EventCountry "DOM"]
[SourceTitle "CBM 183 Extra"]
[Source "ChessBase"]
[SourceDate "2018.04.19"]
[SourceVersion "1"]
[SourceVersionDate "2018.04.19"]
[SourceQuality "1"]

1. d4 Nf6 2. c4 e6 3. Nc3 Bb4 4. f3 d5 5. a3 Bxc3+ 6. bxc3 Nbd7 7. Bg5 h6 8. Bh4 c5 9. e3 Qa5 10. Qd2 0-0 11. Bd3 dxc4 12. Bxc4 b5 13. Ba2 1/2-1/2

[Event "DOM-ch (Women)"]
[Site "Santo Domingo"]
[Date "2018.03.10"]
[Round "2"]
[White "Adames Rojas, Ariella"]
[Black "Joaquin Salcedo, Candida"]
[Result "1-0"]
[WhiteElo "1727"]
[BlackElo "1549"]
[PlyCount "113"]
[EventDate "2018.03.09"]
[EventType "swiss"]
[EventRounds "8"]
[EventCountry "DOM"]
[SourceTitle "CBM 183 Extra"]
[Source "ChessBase"]
[SourceDate "2018.04.19"]
[SourceVersion "1"]
[SourceVersionDate "2018.04.19"]
[SourceQuality "1"]

1. d4 d5 2. c4 e6 3. Nc3 c6 4. Nf3 Bd6 5. Bg5 Nf6 6. e4 dxe4 7. Nxe4 Bb4+ 8. Nc3 Nbd7 9. Be2 Qa5 10. Bd2 0-0 11. 0-0 Qc7 12. Qc1 Bd6 13. c5 Be7 14. Bf4 Qd8 15. h3 Nd5 16. Bh2 Bf6 17. Nxd5 exd5 18. Bd3 b6 19. b4 Be7 20. Re1 a5 21. Qe3 Bf6 22. Bd6 axb4 23. Bxf8 Qxf8 24. cxb6 Nxb6 25. Qe8 Bd7 26. Qxf8+ Rxf8 27. Ne5 Bxe5 28. Rxe5 Nc4 29. Re7 Be6 30. Rc7 Ra8 31. Rb1 Rxa2 32. Rxb4 g6 33. Rxc6 Ra1+ 34. Kh2 Nd2 35. Rb8+ Kg7 36. Rb7 Kf6 37. Rb2 Nf1+ 38. Bxf1 Rxf1 39. Kg3 Rd1 40. Rb4 Kg7 41. Kf4 Rg1 42. Rb7 g5+ 43. Kf3 Bf5 44. Kg3 h5 45. f3 Rd1 46. Rb4 Rd2 47. Rc3 h4+ 48. Kh2 Bd3 49. Rcb3 Bc4 50. Re3 Bf1 51. Kg1 Bxg2 52. Re5 Kg6 53. Rb6+ f6 54. Rxd5 Bxf3 55. Rdd6 Kf5 56. Rxf6+ Ke4 57. Rbe6+ 1-0

[Event "DOM-ch (Women)"]
[Site "Santo Domingo"]
[Date "2016.04.02"]
[Round "6"]
[White "Adames Rojas, Ariella"]
[Black "Almanzar Vasquez, Jennifer Maria"]
[Result "0-1"]
[WhiteElo "1730"]
[BlackElo "1748"]
[PlyCount "96"]
[EventDate "2016.03.18"]
[EventType "swiss"]
[EventRounds "8"]
[EventCountry "DOM"]
[SourceTitle "CBM 171 Extra"]
[Source "ChessBase"]
[SourceDate "2016.04.26"]
[SourceVersion "1"]
[SourceVersionDate "2016.04.26"]
[SourceQuality "1"]

1. d4 Nf6 2. c4 e6 3. Nc3 Bb4 4. f3 0-0 5. e4 d5 6. cxd5 exd5 7. e5 Nfd7 8. a3 Bxc3+ 9. bxc3 c5 10. Bd3 Nc6 11. Ne2 c4 12. Bb1 Re8 13. 0-0 Nf8 14. Ng3 Ne7 15. f4 g6 16. f5 Nxf5 17. Nxf5 Bxf5 18. Bxf5 gxf5 19. Rxf5 Qh4 20. Bg5 Qe4 21. Qf3 Qxf3 22. Rxf3 Rac8 23. Bf6 Ng6 24. h4 Kf8 25. h5 Ne7 26. Raf1 Ng8 27. Rg3 Nxf6 28. Rxf6 Rc6 29. Rgf3 Rxf6 30. Rxf6 Rd8 31. e6 Ke7 32. Rxf7+ Kxe6 33. Rxh7 Kf5 34. Rg7 Ke4 35. Rg3 Rh8 36. Rh3 Kf4 37. h6 Rh7 38. g3+ Kg5 39. Kg2 b5 40. Rh4 Rxh6 41. Rxh6 Kxh6 42. Kf3 Kg5 43. g4 a6 44. Ke2 Kxg4 45. Kd2 Kf3 46. Kc2 Ke3 47. Kb2 Kd2 48. a4 bxa4 0-1

[Event "DOM-ch (Women)"]
[Site "Santo Domingo"]
[Date "2016.04.02"]
[Round "7"]
[White "Munoz Santana, Doribel"]
[Black "Adames Rojas, Ariella"]
[Result "1-0"]
[WhiteElo "1897"]
[BlackElo "1730"]
[PlyCount "99"]
[EventDate "2016.03.18"]
[EventType "swiss"]
[EventRounds "8"]
[EventCountry "DOM"]
[SourceTitle "CBM 171 Extra"]
[Source "ChessBase"]
[SourceDate "2016.04.26"]
[SourceVersion "1"]
[SourceVersionDate "2016.04.26"]
[SourceQuality "1"]

1. d4 Nf6 2. Nf3 e6 3. e3 b6 4. Be2 Bb7 5. c4 c5 6. 0-0 cxd4 7. Nxd4 Be7 8. b3 0-0 9. Bb2 Nc6 10. Nd2 Nxd4 11. Bxd4 Qc7 12. Nf3 Ng4 13. g3 Bf6 14. Ne1 Bxd4 15. Qxd4 Ne5 16. Rd1 Rfd8 17. Qd6 Rac8 18. f4 Qc6 19. Kf2 Qxd6 20. Rxd6 Nc6 21. Bf3 Na5 22. e4 Rc6 23. Rd4 f6 24. e5 Rc7 25. Bxb7 Nxb7 26. Nd3 fxe5 27. Nxe5 d6 28. Rfd1 dxe5 29. Rxd8+ Nxd8 30. Rxd8+ Kf7 31. fxe5 Ke7 32. Rd4 Rc5 33. Re4 b5 34. cxb5 Rxb5 35. Ke3 a5 36. Kf4 Rd5 37. h4 Kd7 38. Ke3 Kc6 39. Rc4+ Rc5 40. Kd4 Rxc4+ 41. Kxc4 h5 42. a4 Kb6 43. b4 axb4 44. Kxb4 g6 45. a5+ Kc6 46. a6 Kb6 47. a7 Kxa7 48. Kc5 Kb7 49. Kd6 Kc8 50. Kxe6 1-0

[Event "Santo Domingo Duarte Memorial 5th"]
[Site "Santo Domingo"]
[Date "2016.01.16"]
[Round "7"]
[White "Adames Rojas, Ariella"]
[Black "Mieses Hernandez, Diomedes Ernesto"]
[Result "0-1"]
[WhiteElo "1707"]
[BlackElo "1935"]
[PlyCount "80"]
[EventDate "2016.01.08"]
[EventType "swiss"]
[EventRounds "8"]
[EventCountry "DOM"]
[SourceTitle "CBM 170 Extra"]
[Source "ChessBase"]
[SourceDate "2016.02.25"]
[SourceVersion "1"]
[SourceVersionDate "2016.02.25"]
[SourceQuality "1"]

1. d4 e6 2. Nf3 f5 3. c4 Nf6 4. Nc3 Bb4 5. Bd2 0-0 6. e3 d6 7. Be2 Nbd7 8. a3 Bxc3 9. Bxc3 Ne4 10. Qc2 Ndf6 11. b4 Nxc3 12. Qxc3 Ne4 13. Qc2 Bd7 14. 0-0 Qf6 15. Nd2 Ng5 16. b5 Be8 17. f4 Nf7 18. Bf3 c6 19. bxc6 Bxc6 20. Bxc6 bxc6 21. Rab1 Rfb8 22. Qa4 c5 23. Nf3 Qe7 24. dxc5 dxc5 25. Rfd1 Nd6 26. Ne5 Rxb1 27. Rxb1 h6 28. Qa6 Qc7 29. Rd1 Rd8 30. Nc6 Rd7 31. Nxa7 Kh7 32. Rxd6 Rxd6 33. Nb5 Rd1+ 34. Kf2 Qd8 35. Qxe6 Qh4+ 36. Kf3 Rf1+ 37. Ke2 Qf2+ 38. Kd3 Rd1+ 39. Kc3 Rc1+ 40. Kb3 Qc2# 0-1

[Event "Santo Domingo Duarte Memorial 5th"]
[Site "Santo Domingo"]
[Date "2016.01.16"]
[Round "6"]
[White "Polanco Nunez, Yoel Estarling"]
[Black "Adames Rojas, Ariella"]
[Result "1-0"]
[WhiteElo "2205"]
[BlackElo "1707"]
[PlyCount "49"]
[EventDate "2016.01.08"]
[EventType "swiss"]
[EventRounds "8"]
[EventCountry "DOM"]
[SourceTitle "CBM 170 Extra"]
[Source "ChessBase"]
[SourceDate "2016.02.25"]
[SourceVersion "1"]
[SourceVersionDate "2016.02.25"]
[SourceQuality "1"]

1. d4 Nf6 2. Nf3 e6 3. e3 b6 4. Nbd2 Bb7 5. Bd3 d5 6. Ne5 Nbd7 7. f4 Ne4 8. 0-0 Nxe5 9. fxe5 Nxd2 10. Bxd2 g6 11. Qf3 Qe7 12. Rf2 Bg7 13. Bb4 c5 14. Bb5+ Kd8 15. dxc5 Rf8 16. c6 Qxb4 17. cxb7 Rb8 18. c4 Ke7 19. a4 Bxe5 20. cxd5 exd5 21. Rd1 Rbd8 22. b8Q Rxb8 23. Rxd5 Bc7 24. Rd7+ Ke6 25. Qd5# 1-0

[Event "Santo Domingo Duarte Memorial 5th"]
[Site "Santo Domingo"]
[Date "2016.01.10"]
[Round "4"]
[White "Adames Rojas, Ariella"]
[Black "Feliz Segura, Rene Augusto"]
[Result "1-0"]
[WhiteElo "1707"]
[BlackElo "1895"]
[PlyCount "71"]
[EventDate "2016.01.08"]
[EventType "swiss"]
[EventRounds "8"]
[EventCountry "DOM"]
[SourceTitle "CBM 170 Extra"]
[Source "ChessBase"]
[SourceDate "2016.02.25"]
[SourceVersion "1"]
[SourceVersionDate "2016.02.25"]
[SourceQuality "1"]

1. d4 d5 2. c4 e6 3. Nf3 Nf6 4. Nc3 dxc4 5. Qa4+ c6 6. Qxc4 b5 7. Qd3 h6 8. g3 Bb7 9. Bg2 Nbd7 10. a3 a6 11. 0-0 Be7 12. Rd1 0-0 13. b4 Rc8 14. Qc2 Nb6 15. Ne5 Nfd5 16. Qb3 Bf6 17. Ne4 Bxe5 18. dxe5 Nc4 19. Nc5 Qc7 20. e4 Ndb6 21. Bb2 Rfd8 22. Bf1 Nxb2 23. Qxb2 Nd7 24. Rd6 Nxe5 25. Rxd8+ Rxd8 26. Nxb7 Rd2 27. Qc3 Qxb7 28. Qxe5 Qb6 29. Qf4 Qd4 30. Re1 Ra2 31. Qf3 c5 32. bxc5 Qxc5 33. Rd1 Kf8 34. Rd7 f6 35. e5 Rxa3 36. Qa8+ 1-0

[Event "Santo Domingo op U2100"]
[Site "Santo Domingo"]
[Date "2015.02.07"]
[Round "3"]
[White "Adames Rojas, Ariella"]
[Black "Castillo Ortiz, Nelson Javier"]
[Result "0-1"]
[WhiteElo "1725"]
[BlackElo "2019"]
[PlyCount "60"]
[EventDate "2015.02.06"]
[EventType "swiss"]
[EventRounds "8"]
[EventCountry "DOM"]
[SourceTitle "CBM 164 Extra"]
[Source "ChessBase"]
[SourceDate "2015.03.02"]
[SourceVersion "1"]
[SourceVersionDate "2015.03.02"]
[SourceQuality "1"]

1. d4 Nf6 2. c4 c5 3. d5 e6 4. Nc3 exd5 5. cxd5 Bd6 6. e4 0-0 7. f4 Nxe4 8. Nxe4 Re8 9. Bd3 f5 10. Qh5 fxe4 11. Bc2 g6 12. Qh3 Bf8 13. Ne2 d6 14. Qg3 Na6 15. a3 Bg7 16. 0-0 c4 17. Rb1 Nc5 18. Be3 Nd3 19. Nd4 Bf6 20. h3 Kh8 21. f5 Be5 22. Qg4 gxf5 23. Nxf5 Qf6 24. Qh5 Bxf5 25. Rxf5 Qg6 26. Qxg6 hxg6 27. Rf7 b6 28. Bh6 Kg8 29. Rbf1 Bd4+ 30. Kh1 e3 0-1

[Event "Santo Domingo op U2100"]
[Site "Santo Domingo"]
[Date "2015.02.06"]
[Round "1"]
[White "Moscoso Silva, Carlos Antonio"]
[Black "Adames Rojas, Ariella"]
[Result "1-0"]
[WhiteElo "2045"]
[BlackElo "1725"]
[PlyCount "83"]
[EventDate "2015.02.06"]
[EventType "swiss"]
[EventRounds "8"]
[EventCountry "DOM"]
[SourceTitle "CBM 164 Extra"]
[Source "ChessBase"]
[SourceDate "2015.03.02"]
[SourceVersion "1"]
[SourceVersionDate "2015.03.02"]
[SourceQuality "1"]

1. e4 c5 2. Nf3 g6 3. d4 cxd4 4. Nxd4 Bg7 5. c4 Nf6 6. Nc3 d6 7. Be2 Nc6 8. Nb3 0-0 9. 0-0 Be6 10. f4 Qb6+ 11. Kh1 a5 12. Qd3 Nb4 13. Qg3 a4 14. Be3 Qc7 15. Nd2 Nc2 16. Rac1 Nxe3 17. Qxe3 Qc5 18. Qxc5 dxc5 19. e5 Ng4 20. Nce4 b6 21. h3 Ne3 22. Rf2 Nf5 23. g4 Nd4 24. Bf1 f6 25. exf6 exf6 26. Bg2 Rad8 27. Nc3 Bd7 28. Nd5 Rb8 29. Nf3 Nc6 30. Re2 Kh8 31. Rd1 Be8 32. Re6 b5 33. Nc7 Nb4 34. a3 Nc2 35. Rd2 Nd4 36. Nxd4 cxd4 37. Rxe8 Rfxe8 38. Nxe8 Rxe8 39. cxb5 f5 40. b6 Kg8 41. b7 Kf8 42. Rc2 1-0

[Event "Olympiad Women-39"]
[Site "Khanty-Mansiysk"]
[Date "2010.09.28"]
[Round "7.35"]
[White "Lang, Heather"]
[Black "Adames Rojas, Ariella"]
[Result "1-0"]
[WhiteElo "2025"]
[BlackElo "1899"]
[PlyCount "91"]
[EventDate "2010.09.21"]
[EventType "team-swiss"]
[EventRounds "11"]
[EventCountry "RUS"]
[SourceTitle "CBM 139"]
[Source "ChessBase"]
[SourceDate "2010.11.18"]
[SourceVersion "1"]
[SourceVersionDate "2010.11.18"]
[SourceQuality "1"]
[WhiteTeam "Scotland (W)"]
[BlackTeam "Dominican Rep (W)"]
[WhiteTeamCountry "SCO"]
[BlackTeamCountry "DOM"]

1. e4 e6 2. Nc3 d5 3. d4 dxe4 4. Nxe4 Bd7 5. Nf3 Bc6 6. Bd3 Nd7 7. 0-0 Ngf6 8. Qe2 Bxe4 9. Bxe4 Nxe4 10. Qxe4 c6 11. c4 Nf6 12. Qe2 Be7 13. Bd2 0-0 14. b4 Rc8 15. Rfb1 Re8 16. Be3 Nd7 17. Rb3 Bf6 18. Rd1 Qe7 19. c5 b5 20. a4 a6 21. axb5 axb5 22. Ra3 Ra8 23. Rda1 Rxa3 24. Rxa3 g6 25. Ra7 Rc8 26. Bf4 Qd8 27. g3 Ra8 28. Qa2 Rxa7 29. Qxa7 Nf8 30. Bd6 Qc8 31. h4 h6 32. Be5 Nd7 33. Bxf6 Nxf6 34. Ne5 Qe8 35. Qb7 Nd5 36. Nxc6 f6 37. Na7 Qd8 38. Qxb5 Nc7 39. Qc4 Qa8 40. Nb5 Nxb5 41. Qxb5 Qa1+ 42. Kg2 Qxd4 43. Qe8+ Kg7 44. Qxe6 Qxb4 45. c6 Qc3 46. Qd7+ 1-0

[Event "Olympiad Women-39"]
[Site "Khanty-Mansiysk"]
[Date "2010.09.21"]
[Round "1.6"]
[White "Krush, Irina"]
[Black "Adames Rojas, Ariella"]
[Result "1-0"]
[WhiteElo "2490"]
[BlackElo "1899"]
[PlyCount "69"]
[EventDate "2010.09.21"]
[EventType "team-swiss"]
[EventRounds "11"]
[EventCountry "RUS"]
[SourceTitle "CBM 139"]
[Source "ChessBase"]
[SourceDate "2010.11.18"]
[SourceVersion "1"]
[SourceVersionDate "2010.11.18"]
[SourceQuality "1"]
[WhiteTeam "United States (W)"]
[BlackTeam "Dominican Rep (W)"]
[WhiteTeamCountry "USA"]
[BlackTeamCountry "DOM"]

1. d4 Nf6 2. c4 e6 3. Nc3 Bb4 4. Qc2 d5 5. cxd5 exd5 6. Bg5 0-0 7. e3 h6 8. Bh4 b6 9. Nf3 Bb7 10. Bd3 Nbd7 11. g4 Re8 12. g5 hxg5 13. Bxg5 Be7 14. 0-0-0 a6 15. Rhg1 c5 16. Bh6 Bf8 17. Ng5 Re7 18. Nh7 Nxh7 19. Bxh7+ Kh8 20. Bg5 f6 21. Bh6 b5 22. dxc5 Nxc5 23. Kb1 b4 24. Ne2 Ne6 25. Nd4 Nxd4 26. Rxd4 a5 27. Rh4 Qc7 28. Qg6 Rae8 29. Bf4 Qd8 30. Qh5 Re5 31. Bf5+ Kg8 32. Qh7+ Kf7 33. Qg6+ Kg8 34. Rh8+ Kxh8 35. Qh7# 1-0

[Event "Santo Domingo op"]
[Site "Santo Domingo"]
[Date "2010.06.03"]
[Round "2"]
[White "Adames Rojas, Ariella"]
[Black "De Los Santos Nunez, Eddy"]
[Result "0-1"]
[WhiteElo "1929"]
[BlackElo "2125"]
[PlyCount "120"]
[EventDate "2010.06.02"]
[EventType "swiss"]
[EventRounds "9"]
[EventCountry "DOM"]
[SourceTitle "EXT 2011"]
[Source "ChessBase"]
[SourceDate "2010.11.26"]
[SourceVersion "1"]
[SourceVersionDate "2010.11.26"]
[SourceQuality "1"]

1. d4 Nf6 2. c4 g6 3. Nc3 d5 4. cxd5 Nxd5 5. e4 Nxc3 6. bxc3 Bg7 7. Bc4 c5 8. Be3 Nc6 9. Ne2 cxd4 10. cxd4 b5 11. Bb3 Bb7 12. 0-0 Na5 13. f3 0-0 14. Rc1 Rc8 15. Qd2 Nxb3 16. axb3 e6 17. b4 Rxc1 18. Rxc1 Qd7 19. Rc5 Rc8 20. Qc2 Bf8 21. Rxc8 Qxc8 22. Qxc8 Bxc8 23. Bd2 Bd6 24. h3 Bb7 25. Kf2 Kf8 26. Ke3 Ke7 27. Kd3 Kd7 28. Nc1 a5 29. bxa5 b4 30. Nb3 Ba6+ 31. Ke3 Kc6 32. Nc1 Kb5 33. Nd3 Kxa5 34. Nb2 Kb5 35. g4 g5 36. e5 Be7 37. f4 h6 38. f5 Bb7 39. f6 Bf8 40. Kf2 b3 41. Ke3 Ba3 42. Bc3 Bxb2 43. Bxb2 Kc4 44. Kd2 Bg2 45. Ba3 Kxd4 46. Bf8 Be4 47. Kc1 Kc3 48. Ba3 Bg2 49. Bb2+ Kb4 50. Kd2 Bxh3 51. Ke3 Bxg4 52. Kf2 Bf5 53. Ke3 h5 54. Kf3 h4 55. Kg2 g4 56. Kh2 Kc4 57. Kg2 Be4+ 58. Kh2 Kd3 59. Kg1 g3 60. Ba3 h3 0-1

[Event "Olympiad Women-35"]
[Site "Bled"]
[Date "2002.11.02"]
[Round "8.3"]
[White "Garcia Garcia, Edith"]
[Black "Adames Rojas, Ariella"]
[Result "1-0"]
[WhiteElo "2018"]
[BlackElo "1943"]
[PlyCount "55"]
[EventDate "2002.10.26"]
[EventType "team-swiss"]
[EventRounds "14"]
[EventCountry "SLO"]
[SourceTitle "EXT 2003"]
[Source "ChessBase"]
[SourceDate "2002.11.25"]
[SourceVersion "1"]
[SourceVersionDate "2002.11.25"]
[SourceQuality "1"]
[WhiteTeam "Mexico (W)"]
[BlackTeam "Dominican Rep (W)"]
[WhiteTeamCountry "MEX"]
[BlackTeamCountry "DOM"]

1. e4 c5 2. Nf3 Nc6 3. d4 cxd4 4. Nxd4 g6 5. Nc3 Bg7 6. Be3 Nf6 7. f3 0-0 8. Qd2 d5 9. exd5 Nxd5 10. Nxc6 bxc6 11. Bd4 Bxd4 12. Qxd4 Nxc3 13. Qxc3 Qb6 14. 0-0-0 Be6 15. b3 Rfd8 16. Bd3 a5 17. a4 Rd5 18. Bc4 Qc5 19. Kb2 Rxd1 20. Rxd1 Bxc4 21. Rd4 Qh5 22. Qxc4 Qe5 23. f4 Qc7 24. Qc5 Rd8 25. g3 Rxd4 26. Qxd4 Qd6 27. Qxd6 exd6 28. b4 1-0